Countries' Largest Cities Quiz - Statistics

General Stats
  • This quiz has been taken 7 times
  • The average score is 90 of 196
Answer Stats
Country Largest City % Correct
United Kingdom London
100%
France Paris
100%
Germany Berlin
86%
Denmark Copenhagen
86%
Luxembourg Luxembourg
86%
Spain Madrid
86%
Monaco Monaco
86%
Russia Moscow
86%
Czech Republic Prague
86%
Iceland Reykjavík
86%
Estonia Tallinn
86%
Vatican City Vatican City
86%
Netherlands Amsterdam
71%
Andorra Andorra la Vella
71%
Greece Athens
71%
New Zealand Auckland
71%
Colombia Bogotá
71%
Belgium Brussels
71%
Romania Bucharest
71%
Hungary Budapest
71%
United Arab Emirates Dubai
71%
Ireland Dublin
71%
Guatemala Guatemala City
71%
Finland Helsinki
71%
Turkey Istanbul
71%
Ukraine Kyiv
71%
Portugal Lisbon
71%
Belarus Minsk
71%
United States New York City
71%
Norway Oslo
71%
Panama Panama City
71%
North Korea Pyongyang
71%
Latvia Riga
71%
Italy Rome
71%
Brazil São Paulo
71%
Bosnia and Herzegovina Sarajevo
71%
South Korea Seoul
71%
Bulgaria Sofia
71%
Sweden Stockholm
71%
Australia Sydney
71%
Albania Tirana
71%
Canada Toronto
71%
Austria Vienna
71%
Lithuania Vilnius
71%
Croatia Zagreb
71%
Ghana Accra
57%
Ethiopia Addis Ababa
57%
Algeria Algiers
57%
Kazakhstan Almaty
57%
Paraguay Asunción
57%
Azerbaijan Baku
57%
Brunei Bandar Seri Begawan
57%
Thailand Bangkok
57%
Lebanon Beirut
57%
Serbia Belgrade
57%
Slovakia Bratislava
57%
Argentina Buenos Aires
57%
Egypt Cairo
57%
South Africa Cape Town
57%
Venezuela Caracas
57%
Moldova Chișinău
57%
Sri Lanka Colombo
57%
Bangladesh Dhaka
57%
East Timor Dili
57%
Guyana Georgetown
57%
Cuba Havana
57%
Vietnam Ho Chi Minh City
57%
Indonesia Jakarta
57%
Israel Jerusalem
57%
Afghanistan Kabul
57%
Nepal Kathmandu
57%
Jamaica Kingston
57%
Saint Vincent and the Grenadines Kingstown
57%
Nigeria Lagos
57%
Peru Lima
57%
Slovenia Ljubljana
57%
Bahrain Manama
57%
Mexico Mexico City
57%
Uruguay Montevideo
57%
India Mumbai
57%
Oman Muscat
57%
Kenya Nairobi
57%
Suriname Paramaribo
57%
Cambodia Phnom Penh
57%
Montenegro Podgorica
57%
Haiti Port-au-Prince
57%
Kosovo Pristina
57%
Costa Rica San José
57%
El Salvador San Salvador
57%
Chile Santiago
57%
Dominican Republic Santo Domingo
57%
Liechtenstein Schaan
57%
China Shanghai
57%
Singapore Singapore
57%
North Macedonia Skopje
57%
Taiwan Taipei
57%
Iran Tehran
57%
Japan Tokyo
57%
Tunisia Tunis
57%
Mongolia Ulaanbaatar
57%
Poland Warsaw
57%
Armenia Yerevan
57%
Switzerland Zürich
57%
Jordan Amman
43%
Turkmenistan Ashgabat
43%
Iraq Baghdad
43%
Kyrgyzstan Bishkek
43%
Guinea-Bissau Bissau
43%
Morocco Casablanca
43%
Senegal Dakar
43%
Tanzania Dar es Salaam
43%
Djibouti Djibouti
43%
Qatar Doha
43%
Tajikistan Dushanbe
43%
Uganda Kampala
43%
Pakistan Karachi
43%
Sudan Khartoum
43%
Rwanda Kigali
43%
Democratic Republic of the Congo Kinshasa
43%
Angola Luanda
43%
Maldives Malé
43%
Nicaragua Managua
43%
Bahamas Nassau
43%
Cyprus Nicosia
43%
Papua New Guinea Port Moresby
43%
Saudi Arabia Riyadh
43%
Yemen Sana'a
43%
São Tomé and Príncipe São Tomé
43%
Uzbekistan Tashkent
43%
Georgia Tbilisi
43%
Honduras Tegucigalpa
43%
Bhutan Thimphu
43%
Libya Tripoli
43%
Seychelles Victoria
43%
Laos Vientiane
43%
Namibia Windhoek
43%
Syria Aleppo
29%
Madagascar Antananarivo
29%
Mali Bamako
29%
Republic of the Congo Brazzaville
29%
Barbados Bridgetown
29%
Sierra Leone Freetown
29%
Botswana Gaborone
29%
Ecuador Guayaquil
29%
South Sudan Juba
29%
Gabon Libreville
29%
Malawi Lilongwe
29%
Mozambique Maputo
29%
Somalia Mogadishu
29%
Chad N'Djamena
29%
Niger Niamey
29%
Mauritania Nouakchott
29%
Fiji Suva
29%
Myanmar Yangon
29%
Ivory Coast Abidjan
14%
Samoa Apia
14%
Eritrea Asmara
14%
Central African Republic Bangui
14%
Saint Kitts and Nevis Basseterre
14%
Belize Belize City
14%
Saint Lucia Castries
14%
Benin Cotonou
14%
Tuvalu Funafuti
14%
Zimbabwe Harare
14%
Solomon Islands Honiara
14%
Togo Lomé
14%
Zambia Lusaka
14%
Marshall Islands Majuro
14%
Lesotho Maseru
14%
Liberia Monrovia
14%
Comoros Moroni
14%
Tonga Nukuʻalofa
14%
Burkina Faso Ouagadougou
14%
Mauritius Port Louis
14%
Vanuatu Port Vila
14%
Cape Verde Praia
14%
Dominica Roseau
14%
Grenada Saint George's
14%
Antigua and Barbuda Saint John's
14%
Kiribati Tarawa
14%
Nauru Yaren
14%
Kuwait Al Ahmadi
0%
Equatorial Guinea Bata
0%
Malta Birkirkara
0%
Burundi Bujumbura
0%
Guinea Camayenne
0%
Trinidad and Tobago Chaguanas
0%
Cameroon Douala
0%
Palau Koror
0%
Malaysia Kota Bharu
0%
Eswatini Manzini
0%
Philippines Quezon City
0%
Bolivia Santa Cruz de la Sierra
0%
Gambia Serekunda
0%
San Marino Serravalle
0%
Federated States of Micronesia Weno
0%
No matching quizzes found
Score Distribution
Percent of People with Each Score
Percentile by Number Answered
Your Score History
You have not taken this quiz